[Event "TUR-chT 1st League"]
[Site "Denizli"]
[Date "2023.07.12"]
[Round "5.51"]
[White "Baglan, Esat"]
[Black "Yelken, Mustafa"]
[Result "1-0"]
[WhiteElo "2325"]
[BlackElo "2194"]
[PlyCount "102"]
[EventDate "2023.07.09"]
[EventType "team-swiss"]
[EventRounds "9"]
[EventCountry "TUR"]
[SourceTitle "CBM 215 Extra"]
[Source "ChessBase"]
[SourceDate "2023.09.30"]
[SourceVersion "1"]
[SourceVersionDate "2023.09.30"]
[SourceQuality "1"]
[WhiteTeam "Olbia Satranc"]
[BlackTeam "Bursa Deneyim"]
[WhiteTeamCountry "TUR"]
[BlackTeamCountry "TUR"]

1. e4 e5 2. Nf3 Nc6 3. Bb5 a6 4. Bxc6 dxc6 5. 0-0 Bg4 6. h3 h5 7. d3 Qf6 8. Nbd2 Ne7 9. Re1 Ng6 10. d4 Nf4 11. dxe5 Qg6 12. Nh4 Bxd1 13. Nxg6 Nxg6 14. Rxd1 0-0-0 15. e6 fxe6 16. Re1 e5 17. Nf3 Bc5 18. Bg5 Rd6 19. Rad1 Rf8 20. Kf1 b5 21. Rd3 Kd7 22. h4 Ke6 23. Be3 Bxe3 24. Rdxe3 c5 25. g3 c4 26. Ke2 Rfd8 27. Rc3 c5 28. b3 Nf8 29. bxc4 b4 30. Rd3 Rxd3 31. cxd3 a5 32. Ng5+ Ke7 33. f4 exf4 34. gxf4 Ng6 35. Ke3 a4 36. Nf3 Nf8 37. Rg1 g6 38. d4 cxd4+ 39. Nxd4 Rc8 40. Kd3 Rd8 41. f5 gxf5 42. exf5 Kf7 43. Rb1 Nd7 44. Rxb4 Nc5+ 45. Ke3 Re8+ 46. Kf3 Rd8 47. Ne6 Nxe6 48. fxe6+ Kxe6 49. Rxa4 Rd4 50. Kg3 Rg4+ 51. Kh3 Kd6 1-0

[Event "TUR-chT 2nd League"]
[Site "Konya"]
[Date "2022.08.27"]
[Round "8.3"]
[White "Doner, Mustafa"]
[Black "Yelken, Mustafa"]
[Result "0-1"]
[WhiteElo "1855"]
[BlackElo "2171"]
[PlyCount "132"]
[EventDate "2022.08.22"]
[EventType "team-swiss"]
[EventRounds "9"]
[EventCountry "TUR"]
[SourceTitle "CBM 210 Extra"]
[Source "ChessBase"]
[SourceDate "2022.11.30"]
[SourceVersion "1"]
[SourceVersionDate "2022.11.30"]
[SourceQuality "1"]
[WhiteTeam "Gaziantep Sader"]
[BlackTeam "Bursa Deneyim"]
[WhiteTeamCountry "TUR"]
[BlackTeamCountry "TUR"]

1. e4 e5 2. Nf3 Nc6 3. Bb5 a6 4. Ba4 Nf6 5. 0-0 b5 6. Bb3 Be7 7. d3 0-0 8. a3 d6 9. Nc3 Bg4 10. Be3 Na5 11. Ba2 c5 12. Bg5 Nc6 13. Bxf6 Bxf6 14. h3 Be6 15. Nd5 g6 16. c3 Bg7 17. Ne3 Rc8 18. a4 b4 19. Bd5 Bh6 20. Nd2 Bxe3 21. fxe3 Bxd5 22. exd5 Ne7 23. e4 Rb8 24. Nc4 f5 25. Qe2 Qd7 26. a5 Rf6 27. Qc2 b3 28. Qe2 f4 29. Qg4 Qxg4 30. hxg4 Nc8 31. g5 Rf7 32. Kh2 h6 33. gxh6 Rh7 34. g3 Rxh6+ 35. Kg2 Rb7 36. gxf4 Rbh7 37. Rh1 exf4 38. Rxh6 Rxh6 39. Ra3 g5 40. Rxb3 Kf7 41. Rb7+ Kf6 42. Rc7 Rh8 43. Rc6 g4 44. Rc7 g3 45. e5+ dxe5 46. Rc6+ Kf5 47. Rxc8 Rxc8 48. Nd6+ Kg4 49. Nxc8 f3+ 50. Kg1 Kh3 51. Nd6 f2+ 52. Kf1 Kh2 53. Ne4 g2+ 54. Kxf2 g1Q+ 55. Ke2 Qg2+ 56. Ke3 Qxb2 57. d6 Qb5 58. Nf6 Qc6 59. Ne4 Qa4 60. c4 Qxa5 61. d7 Kg2 62. Ke2 Qa2+ 63. Ke3 Qa1 64. Ke2 Qb2+ 65. Kd1 Qd4 66. Nxc5 e4 0-1

[Event "TUR-chT 2nd League"]
[Site "Konya"]
[Date "2022.08.25"]
[Round "5.3"]
[White "Yaran, Siar"]
[Black "Yelken, Mustafa"]
[Result "1/2-1/2"]
[WhiteElo "2285"]
[BlackElo "2171"]
[PlyCount "94"]
[EventDate "2022.08.22"]
[EventType "team-swiss"]
[EventRounds "9"]
[EventCountry "TUR"]
[SourceTitle "CBM 210 Extra"]
[Source "ChessBase"]
[SourceDate "2022.11.30"]
[SourceVersion "1"]
[SourceVersionDate "2022.11.30"]
[SourceQuality "1"]
[WhiteTeam "Sakarya Satranc"]
[BlackTeam "Bursa Deneyim"]
[WhiteTeamCountry "TUR"]
[BlackTeamCountry "TUR"]

1. e4 e5 2. Nf3 Nc6 3. Bc4 Bc5 4. Nc3 Nf6 5. d3 d6 6. Bg5 h6 7. Bxf6 Qxf6 8. Nd5 Qd8 9. c3 a6 10. 0-0 0-0 11. Re1 Ba7 12. a3 Kh8 13. Ne3 Qf6 14. Qd2 Bxe3 15. fxe3 Be6 16. Bxe6 fxe6 17. Rf1 Qg6 18. Rf2 Rf6 19. Raf1 Raf8 20. Nh4 Qg5 21. Rxf6 Rxf6 22. Rxf6 Qxf6 23. Qf2 Qxf2+ 24. Kxf2 Kg8 25. Ke2 Kf7 26. Nf3 d5 27. d4 Kf6 28. Kd3 g5 29. g4 exd4 30. exd4 Nd8 31. Ne5 Ke7 32. c4 dxc4+ 33. Kxc4 Kd6 34. b4 Ke7 35. a4 Kd6 36. a5 b6 37. Kc3 bxa5 38. bxa5 Nb7 39. Nc4+ Kc6 40. Kb4 Kd7 41. Ne5+ Ke7 42. Nc4 Kd7 43. d5 exd5 44. exd5 Ke7 45. Kc3 Nd6 46. Ne3 Nb7 47. Nf1 Kf6 1/2-1/2

[Event "TUR-chT 2nd League"]
[Site "Konya"]
[Date "2022.08.23"]
[Round "2.4"]
[White "Yelken, Mustafa"]
[Black "Makaraci, Tunahan"]
[Result "1/2-1/2"]
[WhiteElo "2171"]
[BlackElo "2230"]
[PlyCount "83"]
[EventDate "2022.08.22"]
[EventType "team-swiss"]
[EventRounds "9"]
[EventCountry "TUR"]
[SourceTitle "CBM 210 Extra"]
[Source "ChessBase"]
[SourceDate "2022.11.30"]
[SourceVersion "1"]
[SourceVersionDate "2022.11.30"]
[SourceQuality "1"]
[WhiteTeam "Bursa Deneyim"]
[BlackTeam "Cigli Batubey"]
[WhiteTeamCountry "TUR"]
[BlackTeamCountry "TUR"]

1. e4 c5 2. Nf3 Nc6 3. Bb5 d6 4. 0-0 Bd7 5. Re1 Nf6 6. b3 e5 7. c3 a6 8. Bf1 Be7 9. h3 0-0 10. d4 Rc8 11. dxe5 dxe5 12. Bg5 h6 13. Bxf6 Bxf6 14. Na3 Qc7 15. Nc4 Be6 16. Qd6 Qxd6 17. Nxd6 Rc7 18. Nc4 Rd8 19. Nb6 Kf8 20. Rad1 Ke8 21. Rxd8+ Bxd8 22. Bc4 Re7 23. Bxe6 Bxb6 24. Bd5 Na7 25. a4 Ba5 26. Rc1 Nc8 27. Nd2 Nd6 28. Nc4 Nxc4 29. Bxc4 Rd7 30. Bd5 Ke7 31. Kf1 Kd6 32. Ke2 Kc7 33. Kd3 b5 34. axb5 axb5 35. f3 f5 36. g4 f4 37. b4 Bb6 38. bxc5 Bxc5 39. Ra1 Kb6 40. Ra8 Bd6 41. Rc8 Rc7 42. Rxc7 1/2-1/2

[Event "TUR-chT 1st League"]
[Site "Konya"]
[Date "2019.07.27"]
[Round "8.3"]
[White "Yelken, Mustafa"]
[Black "Ivic, Velimir"]
[Result "0-1"]
[WhiteElo "2189"]
[BlackElo "2510"]
[PlyCount "94"]
[EventDate "2019.07.22"]
[EventType "team-swiss"]
[EventRounds "9"]
[EventCountry "TUR"]
[SourceTitle "CBM 191 Extra"]
[Source "ChessBase"]
[SourceDate "2019.09.30"]
[SourceVersion "1"]
[SourceVersionDate "2019.09.30"]
[SourceQuality "1"]
[WhiteTeam "Varyant Genclik"]
[BlackTeam "Burhaniye"]
[WhiteTeamCountry "TUR"]
[BlackTeamCountry "TUR"]

1. e4 c5 2. Nf3 d6 3. Bb5+ Nd7 4. d4 cxd4 5. Qxd4 a6 6. Bxd7+ Bxd7 7. c4 Nf6 8. Bg5 e6 9. Nc3 Be7 10. 0-0 0-0 11. Rfd1 Bc6 12. Qd3 Qa5 13. Bd2 Qh5 14. h3 Rac8 15. Nd4 Bd7 16. Be3 h6 17. Rac1 Rfe8 18. Nde2 Qg6 19. c5 Rc6 20. Nf4 Qh7 21. cxd6 Rxd6 22. Qc2 Bc6 23. f3 Nd7 24. Rxd6 Bxd6 25. Rd1 Bf8 26. Qb3 h5 27. Nd3 Qg6 28. Na4 f5 29. exf5 Qxf5 30. Nb4 Bb5 31. Nc2 Nf6 32. Nd4 Bxa4 33. Qxa4 Qe5 34. Bf2 Bd6 35. Ne2 Qxe2 36. Rxd6 Rc8 37. Qd4 Rc1+ 38. Kh2 Rc2 39. Rd8+ Kh7 40. Kg3 Rxb2 41. h4 Rxa2 42. Rc8 e5 43. Qb6 Ne4+ 44. fxe4 Qg4+ 45. Kh2 Qxc8 46. Qe3 Qg4 47. Qb3 Rxf2 0-1

[Event "TUR-chT"]
[Site "Kocaeli"]
[Date "2017.07.30"]
[Round "5.3"]
[White "Yelken, Mustafa"]
[Black "Oksuz, Akin"]
[Result "1-0"]
[WhiteElo "2171"]
[BlackElo "2165"]
[PlyCount "115"]
[EventDate "2017.07.26"]
[EventType "team-tourn"]
[EventRounds "13"]
[EventCountry "TUR"]
[SourceTitle "CBM 179 Extra"]
[Source "ChessBase"]
[SourceDate "2017.08.23"]
[SourceVersion "1"]
[SourceVersionDate "2017.08.23"]
[SourceQuality "1"]
[WhiteTeam "Varyant Yontem"]
[BlackTeam "Panelsan Genc"]
[WhiteTeamCountry "TUR"]
[BlackTeamCountry "TUR"]

1. d4 d6 2. Nf3 g6 3. e4 Nf6 4. Nc3 Bg7 5. Be2 a6 6. a4 b6 7. 0-0 Bb7 8. e5 Nfd7 9. e6 fxe6 10. Ng5 Nf8 11. Bg4 Qd7 12. Nxe6 Nxe6 13. d5 c6 14. Bxe6 Qc7 15. Qf3 Rf8 16. Qh3 h6 17. Qg4 g5 18. Qh5+ Kd8 19. Qg6 Bxc3 20. bxc3 cxd5 21. Qxh6 Nd7 22. Bxg5 Qxc3 23. Qh7 Re8 24. Rae1 Nf6 25. Qg7 Ne4 26. Qxc3 Nxc3 27. Bf7 Kd7 28. Bxe8+ Rxe8 29. a5 bxa5 30. Ra1 a4 31. Rfe1 Bc6 32. f3 d4 33. Bd2 Nd5 34. Kf2 e5 35. h4 Bb5 36. h5 Ke6 37. h6 Kf6 38. Rh1 Rh8 39. h7 Kg7 40. Rh6 Nf6 41. Rah1 e4 42. Bg5 e3+ 43. Kg3 Nxh7 44. Be7 d3 45. cxd3 Bxd3 46. Rxd6 Bc4 47. Rdh6 Bd3 48. Bc5 Re8 49. Bd4+ Kg8 50. Rd6 e2 51. Kf2 a3 52. Bc3 Bc4 53. Rg6+ Kf8 54. Rc6 Bb5 55. Rc7 a2 56. Rcxh7 Bc4 57. Rh8+ Bg8 58. Rxg8+ 1-0

[Event "TUR-chT"]
[Site "Kocaeli"]
[Date "2017.07.27"]
[Round "2.6"]
[White "Esen, Baris"]
[Black "Yelken, Mustafa"]
[Result "1-0"]
[WhiteElo "2528"]
[BlackElo "2171"]
[PlyCount "73"]
[EventDate "2017.07.26"]
[EventType "team-tourn"]
[EventRounds "13"]
[EventCountry "TUR"]
[SourceTitle "CBM 179 Extra"]
[Source "ChessBase"]
[SourceDate "2017.08.23"]
[SourceVersion "1"]
[SourceVersionDate "2017.08.23"]
[SourceQuality "1"]
[WhiteTeam "Hatay Buyuksehir"]
[BlackTeam "Varyant Yontem"]
[WhiteTeamCountry "TUR"]
[BlackTeamCountry "TUR"]

1. Nf3 d5 2. d4 Nf6 3. c4 e6 4. Nc3 Be7 5. g3 0-0 6. Bg2 c5 7. cxd5 Nxd5 8. 0-0 Nxc3 9. bxc3 Nc6 10. Re1 Re8 11. e4 cxd4 12. cxd4 Bb4 13. Bd2 Bxd2 14. Qxd2 e5 15. d5 Na5 16. Qc3 f6 17. Nd2 Bd7 18. Bf1 b6 19. Ba6 Bc8 20. Bb5 Bd7 21. Qb4 Bxb5 22. Qxb5 Qd6 23. Rec1 Rec8 24. Nb3 Nxb3 25. axb3 Rc7 26. Rc6 Rxc6 27. dxc6 Kf8 28. Rc1 Rc8 29. b4 Ke7 30. Qa6 Rc7 31. b5 Qd2 32. Qa3+ Qd6 33. Qa1 Qd3 34. Qa4 Qd4 35. Qb3 Qxe4 36. Qg8 Qg6 37. Qb8 1-0

[Event "TUR-chT2"]
[Site "Konya"]
[Date "2016.07.21"]
[Round "7.2"]
[White "Tofan, Ibrahim"]
[Black "Yelken, Mustafa"]
[Result "0-1"]
[WhiteElo "2204"]
[BlackElo "2183"]
[PlyCount "87"]
[EventDate "2016.07.17"]
[EventType "team-swiss"]
[EventRounds "9"]
[EventCountry "TUR"]
[SourceTitle "CBM 173 Extra"]
[Source "ChessBase"]
[SourceDate "2016.08.29"]
[SourceVersion "1"]
[SourceVersionDate "2016.08.29"]
[SourceQuality "1"]
[WhiteTeam "Karaman Belediye"]
[BlackTeam "Sivas Varyant"]
[WhiteTeamCountry "TUR"]
[BlackTeamCountry "TUR"]

1. Nf3 Nf6 2. c4 e6 3. g3 b6 4. Bg2 Bb7 5. 0-0 Be7 6. b3 0-0 7. Bb2 c5 8. d4 cxd4 9. Qxd4 Nc6 10. Qc3 Qc7 11. Rd1 Rac8 12. Nbd2 Rfd8 13. e4 d6 14. Nf1 Bf8 15. Nd4 Nxd4 16. Qxd4 d5 17. cxd5 exd5 18. e5 Ne4 19. Ne3 Bc5 20. Qd3 d4 21. Ng4 Nc3 22. Bxc3 dxc3 23. Qf5 Bxg2 24. Kxg2 Rxd1 25. Rxd1 Qc6+ 26. Kf1 h5 27. Qxh5 c2 28. Nf6+ gxf6 29. Qg4+ Kf8 30. Rc1 Qh1+ 31. Ke2 Qxc1 32. Qxc8+ Kg7 33. exf6+ Kxf6 34. Qh8+ Ke6 35. Qc8+ Ke7 36. Qc7+ Kf8 37. Qc8+ Kg7 38. Qg4+ Kf6 39. Qf3+ Ke5 40. Qc3+ Ke6 41. Qc4+ Kd6 42. Qd3+ Kc7 43. b4 Qb2 44. Kf3 0-1

[Event "TUR-chT2"]
[Site "Konya"]
[Date "2016.07.20"]
[Round "6.2"]
[White "Yelken, Mustafa"]
[Black "Yuksel, Atilla Koksal"]
[Result "0-1"]
[WhiteElo "2183"]
[BlackElo "2081"]
[PlyCount "112"]
[EventDate "2016.07.17"]
[EventType "team-swiss"]
[EventRounds "9"]
[EventCountry "TUR"]
[SourceTitle "CBM 173 Extra"]
[Source "ChessBase"]
[SourceDate "2016.08.29"]
[SourceVersion "1"]
[SourceVersionDate "2016.08.29"]
[SourceQuality "1"]
[WhiteTeam "Sivas Varyant"]
[BlackTeam "Ankara Dernegi"]
[WhiteTeamCountry "TUR"]
[BlackTeamCountry "TUR"]

1. e4 c5 2. Nf3 Nc6 3. d4 cxd4 4. Nxd4 Nf6 5. Nc3 d6 6. Bg5 e6 7. Qd2 a6 8. 0-0-0 Bd7 9. f3 b5 10. Kb1 Be7 11. Nxc6 Bxc6 12. h4 h6 13. Be3 d5 14. e5 Nd7 15. Bd4 Bxh4 16. Bd3 Be7 17. Qe3 b4 18. Ne2 Bb5 19. Ng3 Bxd3 20. Qxd3 Qc7 21. f4 g6 22. Rh3 Qc4 23. Qxc4 dxc4 24. Ne4 Kf8 25. Bf2 Rd8 26. b3 cxb3 27. axb3 Kg7 28. Rhd3 Nb8 29. Bc5 Rxd3 30. Rxd3 Bxc5 31. Nxc5 g5 32. fxg5 hxg5 33. Rd6 Rc8 34. Ne4 Kg6 35. Rd3 Rh8 36. Rf3 Nd7 37. Rg3 Rh5 38. c4 Nxe5 39. c5 f5 40. Nf2 f4 41. Rh3 Rxh3 42. gxh3 Kf5 43. Kc2 Nc6 44. Kd3 e5 45. Ne4 Nd4 46. Nd6+ Ke6 47. Ne4 Kd5 48. Nxg5 Nxb3 49. c6 Nc5+ 50. Kc2 Kxc6 51. h4 Kd6 52. h5 Ke7 53. h6 Kf8 54. Kd2 Kg8 55. Ke2 e4 56. Kd2 a5 0-1

[Event "TUR-chT2"]
[Site "Konya"]
[Date "2016.07.18"]
[Round "3.2"]
[White "Uzunoglu, Efe Kerem"]
[Black "Yelken, Mustafa"]
[Result "1/2-1/2"]
[WhiteElo "2120"]
[BlackElo "2183"]
[PlyCount "37"]
[EventDate "2016.07.17"]
[EventType "team-swiss"]
[EventRounds "9"]
[EventCountry "TUR"]
[SourceTitle "CBM 173 Extra"]
[Source "ChessBase"]
[SourceDate "2016.08.29"]
[SourceVersion "1"]
[SourceVersionDate "2016.08.29"]
[SourceQuality "1"]
[WhiteTeam "Bursa Buyuksehir"]
[BlackTeam "Sivas Varyant"]
[WhiteTeamCountry "TUR"]
[BlackTeamCountry "TUR"]

1. e4 e5 2. Nf3 Nc6 3. Bc4 Bc5 4. c3 Nf6 5. d3 d6 6. Bb3 a6 7. h3 Ba7 8. Nbd2 h6 9. Nf1 0-0 10. g4 d5 11. Qe2 dxe4 12. dxe4 Be6 13. Ng3 Bxb3 14. axb3 Nh7 15. Bd2 Qd6 16. Nf5 Qe6 17. b4 Ne7 18. Nxe7+ Qxe7 19. Ra5 1/2-1/2

[Event "TUR-ch"]
[Site "Adana"]
[Date "2015.12.07"]
[Round "10"]
[White "Yelken, Mustafa"]
[Black "Haznedaroglu, Kivanc"]
[Result "1/2-1/2"]
[WhiteElo "2107"]
[BlackElo "2471"]
[PlyCount "81"]
[EventDate "2015.11.27"]
[EventType "tourn"]
[EventRounds "13"]
[EventCountry "TUR"]
[EventCategory "3"]
[SourceTitle "CBM 169 Extra"]
[Source "ChessBase"]
[SourceDate "2015.12.18"]
[SourceVersion "1"]
[SourceVersionDate "2015.12.18"]
[SourceQuality "1"]

1. e4 e5 2. Nf3 Nc6 3. Bb5 a6 4. Ba4 Nf6 5. 0-0 Be7 6. Re1 b5 7. Bb3 d6 8. c3 0-0 9. h3 Na5 10. Bc2 d5 11. d4 Nxe4 12. Nxe5 f6 13. Nf3 f5 14. Nbd2 Bd6 15. Ne5 Bb7 16. Ndf3 Nc4 17. Qd3 c5 18. Nxc4 dxc4 19. Qe2 Qc7 20. dxc5 Bxc5 21. Be3 Bd6 22. Bxe4 Bxe4 23. Ng5 Rae8 24. Nxe4 fxe4 25. Rad1 Re6 26. Qh5 Rfe8 27. Rd2 Qf7 28. Qxf7+ Kxf7 29. Red1 Be5 30. Bd4 Bf4 31. Re2 h5 32. a4 g5 33. axb5 axb5 34. Ra1 R8e7 35. Ra5 Rb7 36. Ra8 Bb8 37. Rd2 Re8 38. Kf1 Rd7 39. Re2 Rdd8 40. Ra6 Rd6 41. Ra5 1/2-1/2

[Event "Manavgat Turkey Cup"]
[Site "Manavgat"]
[Date "2015.02.05"]
[Round "8"]
[White "Yelken, Mustafa"]
[Black "Bolat, Ahmet"]
[Result "1/2-1/2"]
[WhiteElo "2077"]
[BlackElo "2188"]
[PlyCount "54"]
[EventDate "2015.01.31"]
[EventType "swiss"]
[EventRounds "11"]
[EventCountry "TUR"]
[SourceTitle "CBM 164 Extra"]
[Source "ChessBase"]
[SourceDate "2015.03.02"]
[SourceVersion "1"]
[SourceVersionDate "2015.03.02"]
[SourceQuality "1"]

1. e4 e6 2. d4 d5 3. Nc3 dxe4 4. Nxe4 Nd7 5. Nf3 Ngf6 6. Nxf6+ Nxf6 7. Bd3 b6 8. 0-0 Bb7 9. c3 Be7 10. Qe2 0-0 11. Bg5 c5 12. dxc5 bxc5 13. Rfd1 Qc7 14. Bxf6 Bxf6 15. Be4 Rab8 16. Rd2 Qf4 17. Bxb7 Rxb7 18. Rad1 g6 19. Rd7 Rfb8 20. Rxb7 Rxb7 21. h3 e5 22. b3 e4 23. Qc4 Qf5 24. Ne1 e3 25. fxe3 Re7 26. Qd3 Qe5 27. Nf3 Qxc3 1/2-1/2

[Event "Manavgat Turkey Cup"]
[Site "Manavgat"]
[Date "2015.02.02"]
[Round "4"]
[White "Yelken, Mustafa"]
[Black "Eremkere, Mehmet Halil"]
[Result "1-0"]
[WhiteElo "2077"]
[BlackElo "1759"]
[PlyCount "109"]
[EventDate "2015.01.31"]
[EventType "swiss"]
[EventRounds "11"]
[EventCountry "TUR"]
[SourceTitle "CBM 164 Extra"]
[Source "ChessBase"]
[SourceDate "2015.03.02"]
[SourceVersion "1"]
[SourceVersionDate "2015.03.02"]
[SourceQuality "1"]

1. e4 e5 2. Nf3 Nc6 3. Bb5 d6 4. 0-0 Nf6 5. d3 Be7 6. Nbd2 0-0 7. Bxc6 bxc6 8. Nc4 Ne8 9. Na5 Bd7 10. d4 f5 11. dxe5 fxe4 12. Nd4 dxe5 13. Ndxc6 Bxc6 14. Nxc6 Qxd1 15. Nxe7+ Kf7 16. Rxd1 Kxe7 17. Be3 Ke6 18. Rd2 h6 19. Rad1 Nf6 20. a4 a5 21. h3 Rfb8 22. b3 Re8 23. Kf1 Reb8 24. Ke1 Re8 25. Re2 Nd5 26. Bd2 Nf6 27. Bc3 Kf5 28. Re3 h5 29. Bb2 Rec8 30. Rc3 c5 31. Ba3 e3 32. Rxe3 c4 33. Bb2 e4 34. Bxf6 gxf6 35. Rd5+ Ke6 36. Rd4 cxb3 37. Rexe4+ Kf5 38. g4+ hxg4 39. hxg4+ Kg6 40. cxb3 Rc1+ 41. Ke2 Rb1 42. Re3 Rc8 43. Kf3 Rc2 44. Kg2 Rcc1 45. Rd5 Rh1 46. Rxa5 Rbg1+ 47. Kf3 Rh3+ 48. Ke2 Rh2 49. Rf3 Rxg4 50. Ra6 Kg5 51. Rfxf6 Re4+ 52. Kd3 Rb4 53. Rg6+ Kf5 54. Raf6+ Ke5 55. f4+ 1-0

[Event "TUR-chT2"]
[Site "Konya"]
[Date "2014.06.26"]
[Round "6.7"]
[White "Rzayev, Askar Aliakbar"]
[Black "Yelken, Mustafa"]
[Result "1/2-1/2"]
[WhiteElo "2148"]
[BlackElo "2080"]
[PlyCount "61"]
[EventDate "2014.06.23"]
[EventType "team-swiss"]
[EventRounds "9"]
[EventCountry "TUR"]
[SourceTitle "CBM 161 Extra"]
[Source "ChessBase"]
[SourceDate "2014.08.29"]
[SourceVersion "1"]
[SourceVersionDate "2014.08.29"]
[SourceQuality "1"]
[WhiteTeam "Salihli Sardes"]
[BlackTeam "Ego Spor"]
[WhiteTeamCountry "TUR"]
[BlackTeamCountry "TUR"]

1. e4 c5 2. Nf3 d6 3. d4 cxd4 4. Qxd4 Nc6 5. Bb5 Bd7 6. Bxc6 Bxc6 7. Nc3 h6 8. Be3 Nf6 9. h3 e5 10. Qd3 Be7 11. Rd1 Qa5 12. 0-0 Qa6 13. Qxa6 bxa6 14. Nd2 0-0 15. f3 d5 16. exd5 Nxd5 17. Nxd5 Bxd5 18. c4 Be6 19. b3 f5 20. Nb1 Bb4 21. c5 Rfd8 22. a3 Ba5 23. b4 Bc7 24. Nc3 Kf7 25. Rxd8 Rxd8 26. Rd1 Rxd1+ 27. Nxd1 Ke7 28. Nc3 Kd7 29. Kf2 Bc4 30. g3 Kc6 31. Bd2 1/2-1/2

[Event "TUR-chT2"]
[Site "Konya"]
[Date "2014.06.24"]
[Round "3.4"]
[White "Yelken, Mustafa"]
[Black "Galkin, Alexander"]
[Result "0-1"]
[WhiteElo "2080"]
[BlackElo "2615"]
[PlyCount "106"]
[EventDate "2014.06.23"]
[EventType "team-swiss"]
[EventRounds "9"]
[EventCountry "TUR"]
[SourceTitle "CBM 161 Extra"]
[Source "ChessBase"]
[SourceDate "2014.08.29"]
[SourceVersion "1"]
[SourceVersionDate "2014.08.29"]
[SourceQuality "1"]
[WhiteTeam "Ego Spor"]
[BlackTeam "Pausa"]
[WhiteTeamCountry "TUR"]
[BlackTeamCountry "TUR"]

1. e4 c5 2. Nf3 e6 3. d4 cxd4 4. Nxd4 Nf6 5. Nc3 d6 6. Be3 a6 7. a4 Be7 8. Be2 0-0 9. 0-0 Nc6 10. Kh1 Bd7 11. Nb3 Na5 12. Qd2 Nxb3 13. cxb3 Bc6 14. f3 Qb8 15. b4 Rd8 16. Bb6 Rc8 17. Rfd1 Be8 18. Bd4 Nd7 19. f4 Nf8 20. Rf1 b5 21. a5 Bc6 22. f5 e5 23. Be3 Qb7 24. Bf3 h6 25. Rad1 Nh7 26. Qe2 Re8 27. Bf2 Rac8 28. h4 Qa8 29. Kh2 Bb7 30. Rfe1 Rc7 31. Qd3 Rec8 32. Re2 Rc4 33. Be1 Rxb4 34. Nd5 Bxd5 35. Bxb4 Bc4 36. Qe3 Bxe2 37. Qxe2 Bxh4 38. Bxd6 Bf6 39. b4 Ng5 40. Bc5 Qb7 41. Rd5 Be7 42. Qe3 Bxc5 43. Rxc5 Rd8 44. Qc3 Qe7 45. Rc8 Kh7 46. Rxd8 Qxd8 47. Qxe5 Qd2 48. Kg3 Qxb4 49. f6 Qe1+ 50. Kg4 Qxa5 51. fxg7 Qb6 52. Kh4 Nxf3+ 53. gxf3 Qf2+ 0-1

[Event "TUR-chT2"]
[Site "Konya"]
[Date "2014.06.23"]
[Round "1.8"]
[White "Yelken, Mustafa"]
[Black "Szabo, Bence"]
[Result "0-1"]
[WhiteElo "2080"]
[BlackElo "2410"]
[PlyCount "54"]
[EventDate "2014.06.23"]
[EventType "team-swiss"]
[EventRounds "9"]
[EventCountry "TUR"]
[SourceTitle "CBM 161 Extra"]
[Source "ChessBase"]
[SourceDate "2014.08.29"]
[SourceVersion "1"]
[SourceVersionDate "2014.08.29"]
[SourceQuality "1"]
[WhiteTeam "Ego Spor"]
[BlackTeam "Samandag Altin"]
[WhiteTeamCountry "TUR"]
[BlackTeamCountry "TUR"]

1. e4 c5 2. Nf3 Nc6 3. d4 cxd4 4. Nxd4 Qb6 5. Nb3 Nf6 6. Nc3 e6 7. Be3 Qc7 8. Bd3 d6 9. 0-0 a6 10. a4 b6 11. Qe2 Be7 12. f4 0-0 13. Rae1 Nd7 14. Rf3 Nb4 15. Rh3 g6 16. g4 Nc5 17. Nxc5 bxc5 18. Bf2 Re8 19. Qd2 Bf8 20. Bf1 Bb7 21. Bg2 Nc6 22. Rd1 Rab8 23. Ne2 Ba8 24. b3 Rb4 25. Be1 c4 26. Qc1 Rbb8 27. Bf2 Nd4 0-1

[Event "Kemer Turkey Cup"]
[Site "Kemer"]
[Date "2014.02.05"]
[Round "6"]
[White "Yelken, Mustafa"]
[Black "Sahin, Ozgun"]
[Result "0-1"]
[WhiteElo "2097"]
[BlackElo "1906"]
[PlyCount "72"]
[EventDate "2014.02.01"]
[EventType "swiss"]
[EventRounds "9"]
[EventCountry "TUR"]
[SourceTitle "CBM 158 Extra"]
[Source "ChessBase"]
[SourceDate "2014.02.28"]
[SourceVersion "1"]
[SourceVersionDate "2014.02.28"]
[SourceQuality "1"]

1. e4 c5 2. Nf3 Nc6 3. d4 cxd4 4. Nxd4 g6 5. Nc3 Bg7 6. Be3 Nf6 7. Bc4 0-0 8. Bb3 d6 9. h3 Na5 10. 0-0 Bd7 11. Re1 a6 12. Qd3 b5 13. Rad1 Rc8 14. Nf3 Nxb3 15. axb3 b4 16. Nd5 Bb5 17. Nxf6+ Bxf6 18. Qd2 Bxb2 19. Bd4 Bxd4 20. Nxd4 Qa5 21. Ra1 Qb6 22. Qxb4 e5 23. Nxb5 Rxc2 24. Re3 axb5 25. Rd1 Qc5 26. Qxc5 dxc5 27. Rd7 Rc8 28. Rf3 Rf8 29. Rb7 b4 30. Rc7 f6 31. Rd3 Rf7 32. Rc8+ Kg7 33. Kh2 Ra7 34. Kg3 c4 35. bxc4 Rc3 36. Rcd8 Rxd3+ 0-1

[Event "Kemer Turkey Cup"]
[Site "Kemer"]
[Date "2014.02.04"]
[Round "5"]
[White "Agdelen, Huseyin Can"]
[Black "Yelken, Mustafa"]
[Result "1-0"]
[WhiteElo "1847"]
[BlackElo "2097"]
[PlyCount "89"]
[EventDate "2014.02.01"]
[EventType "swiss"]
[EventRounds "9"]
[EventCountry "TUR"]
[SourceTitle "CBM 158 Extra"]
[Source "ChessBase"]
[SourceDate "2014.02.28"]
[SourceVersion "1"]
[SourceVersionDate "2014.02.28"]
[SourceQuality "1"]

1. e4 e5 2. Nf3 Nc6 3. Bb5 a6 4. Ba4 Nf6 5. 0-0 Be7 6. Re1 b5 7. Bb3 d6 8. a4 Bb7 9. d3 0-0 10. Nbd2 Na5 11. Ba2 c5 12. Nf1 Qc7 13. Bd2 Nc6 14. Ne3 Rad8 15. h3 Bc8 16. c3 Be6 17. Nd5 Qb7 18. Ng5 Bxd5 19. exd5 Nb8 20. f4 Nbd7 21. axb5 axb5 22. d4 cxd4 23. cxd4 h6 24. dxe5 hxg5 25. exf6 Bxf6 26. fxg5 Bxb2 27. Rb1 Qa7+ 28. Be3 Qxa2 29. Qd2 Ne5 30. Rxb2 Qc4 31. Reb1 Rb8 32. Rb4 Qd3 33. Qxd3 Nxd3 34. Rxb5 Rxb5 35. Rxb5 Re8 36. Bf2 Nxf2 37. Kxf2 Re5 38. h4 Kh7 39. Kf3 Kg6 40. Kf4 Kh5 41. Rb8 Kg6 42. Rh8 f6 43. h5+ Kf7 44. g6+ Ke7 45. h6 1-0

[Event "Kemer Turkey Cup"]
[Site "Kemer"]
[Date "2014.02.03"]
[Round "4"]
[White "Yelken, Mustafa"]
[Black "Demir, Hilmi Mustafa"]
[Result "1-0"]
[WhiteElo "2097"]
[BlackElo "1900"]
[PlyCount "107"]
[EventDate "2014.02.01"]
[EventType "swiss"]
[EventRounds "9"]
[EventCountry "TUR"]
[SourceTitle "CBM 158 Extra"]
[Source "ChessBase"]
[SourceDate "2014.02.28"]
[SourceVersion "1"]
[SourceVersionDate "2014.02.28"]
[SourceQuality "1"]

1. e4 e5 2. Nf3 Nc6 3. Bb5 a6 4. Ba4 Nf6 5. 0-0 Be7 6. Re1 b5 7. Bb3 0-0 8. a4 Rb8 9. axb5 axb5 10. Nc3 d6 11. h3 Be6 12. Nd5 Qd7 13. c3 h6 14. d4 exd4 15. Nxe7+ Qxe7 16. Nxd4 Nxd4 17. cxd4 Bxb3 18. Qxb3 c5 19. Bf4 g5 20. Bh2 Rb6 21. e5 dxe5 22. Rxe5 c4 23. Rxe7 cxb3 24. Re3 Rc8 25. Rxb3 Rc2 26. Be5 Kh7 27. Ra5 Ne4 28. Rbxb5 Rxb5 29. Rxb5 f6 30. Bb8 Rc1+ 31. Kh2 Nxf2 32. d5 f5 33. Ba7 Ne4 34. Rb4 Re1 35. g3 Kg6 36. d6 Re2+ 37. Kg1 Rd2 38. Rd4 Rxd4 39. Bxd4 Nxd6 40. Kf2 Kf7 41. Kf3 Ke6 42. g4 Kd5 43. Bg7 fxg4+ 44. Kxg4 Nc4 45. Kh5 Ke4 46. Bxh6 Nxb2 47. Kxg5 Nd1 48. h4 Ne3 49. h5 Ke5 50. Bg7+ Ke6 51. Kg6 Nd5 52. h6 Ne7+ 53. Kg5 Kf7 54. Bf6 1-0